000 00630nam a2200229Ia 4500
005 20260429112030.0
008 260429s9999||||xx |||||||||||||| ||und||
020 _a9781032728940
041 _aEnglish
082 _a541.0421
_bMOO
100 _aMoore, Elaine A.
245 0 _aSolid state chemistry :
_ban introduction /
_cElaine A. Moore
250 _a6th ed.
260 _aBoca Raton :
_bCRC Press,
_c2025.
300 _axvii, 394 p.; hb
650 _a Physical chemistry
650 _a Solid state chemistry
650 _aChemistry
700 _a Readman, Jennifer E.
700 _a Smart, Lesley E.
942 _cTB
999 _c51992
_d51992